000 00651nam a2200241 i 4500
001 C2-0292813
003 PPAK
005 20180728024809.0
008 090111s2005 nyu |||| ||||| | eng d
020 _a031615556X
040 _aPPAK
_beng
_cPPAK
_erda
082 0 4 _a823
_223
090 0 0 _a823
_bPAT
_dLCK
100 1 _aPatterson, James,
_eauthor
245 1 0 _aMaximum ride :
_bthe angel experiment
264 1 _aNew York :
_bLittle, Brown and Company ,
_c2005
300 _a422 pages ;
_c23 cm
336 _2rdacontent
_atext
337 _2rdamedia
_aunmediated
338 _2rdacarrier
_avolume
650 1 0 _aEnglish fiction
942 _ddc
_cB
999 _c97651
_d97651